Phương ngữ học tiếng Việt
Trình bày đối tượng và phương pháp nghiên cứu phương ngữ học Tiếng Việt. Những vùng phương ngữ của tiếng Việt về mặt lịch sử - xã hội của phương ngữ
Saved in:
| Main Author: | |
|---|---|
| Format: | Book |
| Language: | Vietnamese |
| Published: |
H.
Đại học Quốc gia Hà Nội
2009
|
| Edition: | In lần thứ 2, có sửa chữa, bổ sung |
| Subjects: | |
| Tags: |
Add Tag
No Tags, Be the first to tag this record!
|
| Institutions: | Mạng thư viện Đại học Đà Nẵng |
|---|
| LEADER | 01489aam a22003618a 4500 | ||
|---|---|---|---|
| 001 | 000018252 | ||
| 003 | 14679 | ||
| 005 | 20131003151005.0 | ||
| 008 | 131001s2009 viesd | ||
| 020 | |c 28500đ |d 1000b | ||
| 041 | 0 | |a vie | |
| 082 | 1 | 4 | |2 14 |a 495.9227 |b HO-C |
| 100 | 1 | |a Hoàng Thị Châu | |
| 245 | 1 | 0 | |a Phương ngữ học tiếng Việt |c Hoàng Thị Châu |
| 250 | |a In lần thứ 2, có sửa chữa, bổ sung | ||
| 260 | |a H. |b Đại học Quốc gia Hà Nội |c 2009 | ||
| 300 | |a 286 tr. |c 24 cm. | ||
| 500 | |a ĐTTS ghi: Đại học Quốc gia Hà Nội. Trường đại học Khoa học Xã hội và Nhân văn | ||
| 520 | |a Trình bày đối tượng và phương pháp nghiên cứu phương ngữ học Tiếng Việt. Những vùng phương ngữ của tiếng Việt về mặt lịch sử - xã hội của phương ngữ | ||
| 650 | 7 | |2 Bộ TK TVQG | |
| 650 | 0 | 4 | |2 Bộ TK TVQG |a Tiếng Việt |x Phương ngữ học |
| 653 | |a Tiếng Việt | ||
| 655 | 7 | |2 Bộ TK TVQG |a Giáo trình | |
| OWN | |a LSP | ||
| AVA | |a UDN50 |b LSP |d 495.9227 HO-C |e check_holdings |t Error 5003 Not defined in file expand_doc_bib_avail. |h N |k 1 | ||
| 999 | |a From the UDN01 | ||
| AVA | |a UDN50 |b LSP |d 495.9227 HO-C |e available |t Error 5001 Not defined in file expand_doc_bib_avail. |f 30 |g 9 |h N |i 101 |k 1 | ||
| TYP | |a Monograph | ||
| TYP | |a Printed language | ||
| 980 | |a Mạng thư viện Đại học Đà Nẵng | ||